MARC

LEADER 00000nam0a2200000 4500
001 261248
005 20240914063126.0
035 |a (RuTPU)RU\TPU\book\284224 
090 |a 261248 
100 |a 20140522d1983 m y0rusy50 ca 
101 0 |a rus 
102 |a RU 
105 |a a z 000gy 
200 1 |a Вольность : Избранная лирика  |f А. С. Пушкин  |g под ред. Н. Гришкиной ; Г. Клодт 
210 |a Москва  |c Художественная литература  |d 1983 
215 |a 320 с.  |c ил. 
606 1 |a Русская литература, дореволюционная  |2 stltpush  |3 (RuTPU)RU\TPU\subj\26371  |9 50314 
610 1 |a художественная литература 
610 1 |a поэзия 
610 1 |a лирика 
610 1 |a стихотворения 
675 |a Р1  |v 3 
700 1 |a Пушкин  |b А. С.  |c российский поэт  |c писатель  |f 1799-1837  |g Александр Сергеевич  |7 ca  |8 rus  |2 stltpush  |3 (RuTPU)RU\TPU\pers\1026  |4 070  |9 453 
702 1 |a Гришкина  |b Н.  |4 340 
702 1 |a Клодт  |b Г.  |4 040 
801 1 |a RU  |b 63413507  |c 20140522 
801 2 |a RU  |b 63413507  |c 20211004  |g RCR 
942 |c BK